Electro chemistry / (Record no. 24002)

MARC details
000 -LEADER
fixed length control field 00786nam a22002177a 4500
008 - FIXED-LENGTH DATA ELEMENTS--GENERAL INFORMATION
fixed length control field 090218t xxu||||| |||| 00| 0 eng d
010 ## - LCCN (DPL NO)
LC control number ENG-93000
020 ## - INTERNATIONAL STANDARD BOOK NUMBER
Terms of availability 104.00
035 ## - SYSTEM CONTROL NUMBER
System control number EN-76533
037 ## - SOURCE OF ACQUISITION
Source of stock number/acquisition DBAD / PUB
040 ## - CATALOGING SOURCE
Original cataloging agency dpl
Language of cataloging English
082 ## - DEWEY DECIMAL CLASSIFICATION NUMBER
Classification number 541.37
100 ## - MAIN ENTRY--PERSONAL NAME
Personal name Mahalingam, P.
245 ## - TITLE STATEMENT
Title Electro chemistry /
Statement of responsibility, etc by P. Mahalingam
260 ## - PUBLICATION, DISTRIBUTION, ETC. (IMPRINT)
Place of publication, distribution, etc Chennai
Name of publisher, distributor, etc Charulatha Publications
Date of publication, distribution, etc 2007
270 ## - ADDRESS
Address New No. 24, Thambiah Road, West Mambalam,
City Chennai
Postal code 600033
300 ## - PHYSICAL DESCRIPTION
Extent 104p.
Dimensions 22cm (pbk)
650 ## - SUBJECT ADDED ENTRY--TOPICAL TERM
Topical term or geographic name as entry element Electrochemistry.
942 ## - ADDED ENTRY ELEMENTS (KOHA)
Source of classification or shelving scheme Dewey Decimal Classification
Item type English Books
Call number suffix MAH
Classification part 541.37
Holdings
Withdrawn status Lost status Source of classification or shelving scheme Damaged status Not for loan Collection code Home library Current library Date acquired Source of acquisition Cost, normal purchase price Total Checkouts Full call number Barcode Date last seen Copy number Cost, replacement price Koha item type
    Dewey Decimal Classification   Not For Loan Non-fiction D.B.Act.Division D.B.Act.Division 18/02/2009 DBAD / PUB 104.00   541.37 MAH EN-76533 18/02/2009 1 104.00 English Books

© Delhi Public Library
Hit Counter
free hit counter